| 000 | 00375nam a2200157Ia 4500 | ||
|---|---|---|---|
| 999 |
_c13948 _d13948 |
||
| 003 | OSt | ||
| 005 | 20260228115005.0 | ||
| 008 | 260210s9999 xx 000 0 und d | ||
| 020 | _a9781032928227 | ||
| 082 | _a551.5 | ||
| 100 | _aHugo Priemus & Simin Davoudi | ||
| 245 | 0 | _aClimate Change and Sustainable Cities | |
| 260 | _bRoutledge | ||
| 260 | _c2024 | ||
| 942 |
_cRD _2ddc |
||